00249 a2200121 4500001000700000020000600007040001100013100002000024240002800044245002300072362000900095440002300104169927 a  cMagnum aMiranda, Helena10aPedacinhos magicoslpor10aPedacinhos magicos0 a1899 1aAo Livro Técnico